| 000 | 00388nam a2200145Ia 4500 | ||
|---|---|---|---|
| 008 | 210716s2010 xx 000 0 und d | ||
| 020 | _a9788130912691 | ||
| 041 | _aeng | ||
| 082 | _a658.802 SHAS | ||
| 100 | _aShajahan, S. | ||
| 245 |
_aStrategic marketing: text and cases. _bText and cases. |
||
| 260 |
_aNew Delhi _bViva Books _c2010 |
||
| 300 | _aXV,575 | ||
| 650 | _aBrand Management | ||
| 999 |
_c206662 _d206662 |
||